| 000 | 01058nam a22003497a 4500 | ||
|---|---|---|---|
| 001 | 000104742 | ||
| 003 | CHAP | ||
| 005 | 20220329143735.0 | ||
| 008 | 110517s1978 ag a r 00010 spa d | ||
| 010 | _a101204 | ||
| 011 | _a102176 | ||
| 035 | _a112864 | ||
| 040 | _cCHAP | ||
| 082 | 0 | 4 |
_a633.11 _bS68 |
| 100 | 1 |
_aSoldano, Osvaldo Rodolfo. _9108388 |
|
| 245 | 1 | 3 |
_aEl trigo / _c/por Osvaldo Rodolfo Soldano. |
| 260 |
_aBuenos Aires : _bAlbatros, _c1978. |
||
| 300 |
_a184 p. : _bilus. |
||
| 590 |
_aBATCH-UPD _b10 _c20130110 _lUCH01 _h1704 |
||
| 590 |
_aBATCH-UPD _b10 _c20190918 _lUCH01 _h1157 |
||
| 590 |
_aCONVERSION _b10 _c20130109 _lUCH01 _h1356 |
||
| 590 |
_aE11695DGD _b10 _c20190918 _lUCH01 _h1158 |
||
| 650 | 1 | 4 |
_aTrigo _xArgentina. _9114964 |
| 650 | 1 | 4 |
_aTrigo _xEnfermedades. _9115017 |
| 650 | 1 | 4 |
_aTrigo _xFechas de siembra. _9115025 |
| 650 | 1 | 4 |
_aTrigo _xIndustria. _9115042 |
| 650 | 1 | 4 |
_aTrigo _xMercadeo. _9115058 |
| 901 | _aBK | ||
| 942 | _cLIBRO | ||
| 942 | _n0 | ||
| 949 |
_a633.11 So42 _bBC _cLIBRO _d33724002253454 _eLIBRO _h114928 _i112864 _si |
||
| 999 |
_c101204 _d101204 |
||